000 00552nam a2200217Ia 4500
003 OSt
005 20260522123147.0
008 210210b1989 xxu||||| |||| 00| 0 eng d
020 _a81 206 0474 1
040 _cAL
041 _aEnglish
082 _a413 FURT
100 _a-
_9264366
245 _aFurtadacho novo concanim-inglez dicionar.
260 _aNew Delhi.
_bAsian Educational Services.,
_c1989
300 _a208
650 _aKonkani-English Dictionary
_9264367
690 _aDictionaries
_9264368
906 _a050263
942 _2ddc
_cBK
999 _c99033
_d99033